| 000 | 00561cab a2200205 4500 | ||
|---|---|---|---|
| 001 | X93699 | ||
| 008 | 090401t1999 xxu||||| |||| 00| 0 eng d | ||
| 035 | _a(Sirsi) u93699 | ||
| 041 | _aeng | ||
| 245 | _aBeing sexist isn`t always bad say Women in Property | ||
| 260 | _c1999 | ||
| 350 | _a0 | ||
| 490 |
_aCSM _bChartered Surveyor Monthly _v8(8) April 1999, 46-47(2) |
||
| 650 | _aASSOCIATION OF WOMEN IN PROPERTY | ||
| 650 | _aEQUAL OPPORTUNITIES | ||
| 650 | _aWOMEN IN SURVEYING | ||
| 690 | _aECONOMIC AND SOCIAL | ||
| 942 | _n0 | ||
| 948 | _c02/06/1999 | ||
| 999 |
_c59392 _d59392 |
||